Friends in High Places (Record no. 350215)

000 -LEADER
fixed length control field 00503nam a22001937a 4500
003 - CONTROL NUMBER IDENTIFIER
control field OSt
005 - DATE AND TIME OF LATEST TRANSACTION
control field 20180116183009.0
008 - FIXED-LENGTH DATA ELEMENTS--GENERAL INFORMATION
fixed length control field 150901b xxu||||| |||| 00| 0 eng d
020 ## - INTERNATIONAL STANDARD BOOK NUMBER
International Standard Book Number 0370013891
040 ## - CATALOGING SOURCE
Transcribing agency 0
082 ## - DEWEY DECIMAL CLASSIFICATION NUMBER
Classification number 813.54 MAY 1975
100 ## - MAIN ENTRY--PERSONAL NAME
Personal name Peter Mayne
245 ## - TITLE STATEMENT
Title Friends in High Places
Remainder of title A Season in The Himalayas
Statement of responsibility, etc. Peter Mayne
260 ## - PUBLICATION, DISTRIBUTION, ETC.
Place of publication, distribution, etc. India
Name of publisher, distributor, etc. Great Britain
Date of publication, distribution, etc. 1975
300 ## - PHYSICAL DESCRIPTION
Extent 319 P.
Other physical details HB
440 ## - SERIES STATEMENT/ADDED ENTRY--TITLE
Title Friends in High Places
600 ## - SUBJECT ADDED ENTRY--PERSONAL NAME
Personal name Peter Mayne
942 ## - ADDED ENTRY ELEMENTS (KOHA)
Source of classification or shelving scheme
Koha item type Book
Holdings
Withdrawn status Lost status Source of classification or shelving scheme Damaged status Not for loan Collection code Permanent Location Current Location Shelving location Date acquired Total Checkouts Full call number Barcode Date last seen Price effective from Koha item type
            Central Library (CL) Central Library (CL) Fiction 09/01/2015   813.54 MAY 1975 NBSD-2073 09/01/2015 09/01/2015 Book
© 2023 Central Library, National University of Sciences and Technology. All Rights Reserved.